Postaw na milion 209 - Statystyki

Ogólne statystyki
  • Ten quiz został rozwiązany 16 razy
  • Średni wynik to 6 z 12
Statystyki odpowiedzi
Zagadnienie Odpowiedź % Poprawnych
Broń palna z bębenkiem to: rewolwer
81%
Który z zespołów piłkarskiej Premier League jest najbardziej utytułowany i ma aż 13 tytułów mistrzowskich? Manchester United
69%
Prekursorski minikomputer K-202, który pracował z szybkością miliona operacji na sekundę, skonstruował w latach 1970-1973. inż. Jacek Karpiński
63%
Co to są pludry? rodzaj spodni
63%
Freddie Mercury jest bohaterem filmu z 2018 roku pod tytułem: Bohemian Rhapsody
56%
Które dwa państwa mają flagi o tych samych barwach? Kirgistan i Chiny
56%
Jeśli czegoś jest pod dostatkiem lub aż nadto, to mówimy, że jest tego: świat i ludzie
50%
Średnia wyciągana po odrzuceniu wartości skrajnych wśród danych liczb to średnia: trymowana
50%
Do określenia terminu porodu u człowieka służy reguła Naegelego. Ile tygodni trwa ciąża według tej reguły? 40
25%
Czyj obraz uzyskał na licytacji w Nowym Jorku w 2018 roku największą kwotę, jaką do tej pory zapłacono za obraz polskiego artysty? Tamary Łempickiej
25%
Kto po raz pierwszy w historii przejechał samochodem dystans ponad 100 km w jednej podróży? Bertha Benz
13%
4 maja 2019 roku Tajowie świętowali koronację nowego króla. Co nie należy do insygniów królewskich Tajlandii? płaszcz monarszy
13%
Nie znaleziono quizów pasujących do podanych kryteriów
Rozkład punktacji
Procent ludzi z każdym wynikiem
Percentyl według liczby udzielonych odpowiedzi
Twoja historia wyników
Nie rozwiązałeś tego quizu